00370nam a2200133 a 4500008004100000050001600041100002600057245003500083260005200118300001400170350000900184650001300193650003000206120416s1970 ||||||||||||||||| || u aJQ 1915 Pot aPotholm, Chhristian P10aFour African political systems aEnglewood Cliffs, N. J.bFT Prentice-Hallc1970 aix, 308p. a0.00 aPOLITICS aPOLITICAL SYSTEMS--AFRICA